000 00295nam a2200085Ia 4500
245 0 _aWrite to the point : how to communicate in business with style and purpose
100 _a IACONE, Salvatore J. Franklin Lakes, NJ, 2003
_977483
942 _cBK
008 210817s9999 xx 000 0 und d
999 _c264776
_d264775